000 00309nam a2200133Ia 4500
008 150201s2010 xx 000 0 und d
082 _a615
_bE10P
100 _aPILLAI,KK
245 _aEXPERIMENTAL PHARMACOLOGY
250 _a1ST
260 _bCBS
_aDELHI
_c2010
650 _aPHARMACOLOGY
942 _2ddc
_cBK
_03
999 _c1120
_d1120